[Event "BCF-chT2a 0910 (4NCL)"]
[White "Khoo, Selina"]
[Black "Sant Maria, L."]
[Site "England"]
[Round "6.8"]
[Result "1-0"]
[Date "2010.02.21"]
[WhiteElo "1981"]
[BlackElo "1066"]
[PlyCount "43"]
[EventDate "2009.10.24"]
[EventType "team-tourn"]
[EventRounds "7"]
[EventCountry "ENG"]
[SourceTitle "EXT 2010"]
[Source "ChessBase"]
[SourceDate "2010.11.25"]
[SourceVersion "1"]
[SourceVersionDate "2010.11.25"]
[SourceQuality "1"]
[WhiteTeam "Sambuca Sharks"]
[BlackTeam "Kings Head"]
[WhiteTeamCountry "ENG"]
[BlackTeamCountry "ENG"]

1. e4 e5 2. Bc4 Nf6 3. d3 d6 4. f4 Bg4 5. Nf3 Nc6 6. h3 Bxf3 7. Qxf3 Nd4 8. Qf2 Qd7 9. Be3 0-0-0 10. Bxd4 exd4 11. Qxd4 g6 12. Qxf6 Bh6 13. 0-0 a5 14. Nc3 b6 15. Nd5 Qa4 16. b3 Qa3 17. Ba6+ Kb8 18. Qxf7 Qc5+ 19. Kh1 Qxc2 20. Rac1 Qxa2 21. Qxc7+ Ka8 22. Qb7# 1-0

[Event "BCF-chT4 0506 (4NCL)"]
[White "Sant Maria, L."]
[Black "Morris, Claire"]
[Site "West Bromwich"]
[Round "9.4"]
[Result "0-1"]
[Date "2006.05.27"]
[WhiteElo "1435"]
[BlackElo "1920"]
[PlyCount "50"]
[EventDate "2005.11.05"]
[EventType "team-tourn"]
[EventRounds "11"]
[EventCountry "ENG"]
[SourceTitle "CBM 109 Extra"]
[Source "ChessBase"]
[SourceDate "2006.01.03"]
[SourceVersion "2"]
[SourceVersionDate "2006.01.03"]
[SourceQuality "1"]
[WhiteTeam "Athenaeum II"]
[BlackTeam "Guildford V"]
[WhiteTeamCountry "ENG"]
[BlackTeamCountry "ENG"]

1. e4 e5 2. Nf3 Nc6 3. Bc4 Bc5 4. 0-0 Nf6 5. d3 d6 6. Bg5 h6 7. Bxf6 gxf6 8. Nc3 Be6 9. Bxe6 fxe6 10. Nh4 h5 11. Ng6 Rh6 12. Nh4 f5 13. Ng6 Qf6 14. Nb5 0-0-0 15. exf5 exf5 16. Nxe5 dxe5 17. Qd2 Rg8 18. d4 Nxd4 19. Qa5 Bb6 20. Qb4 Qg5 21. g3 Nf3+ 22. Kg2 Nxh2 23. Rfd1 Bxf2 24. Qc4 Qxg3+ 25. Kh1 Qg2# 0-1

[Event "BCF-chT4 0506 (4NCL)"]
[White "Sant Maria, L."]
[Black "O'Neill, Tom C"]
[Site "West Bromwich"]
[Round "6.4"]
[Result "0-1"]
[Date "2006.02.12"]
[WhiteElo "1435"]
[BlackElo "1630"]
[PlyCount "60"]
[EventDate "2005.11.05"]
[EventType "team-tourn"]
[EventRounds "11"]
[EventCountry "ENG"]
[SourceTitle "CBM 109 Extra"]
[Source "ChessBase"]
[SourceDate "2006.01.03"]
[SourceVersion "2"]
[SourceVersionDate "2006.01.03"]
[SourceQuality "1"]
[WhiteTeam "Athenaeum II"]
[BlackTeam "Addlestone"]
[WhiteTeamCountry "ENG"]
[BlackTeamCountry "ENG"]

1. e4 c5 2. Nc3 Nc6 3. f4 e6 4. Nf3 a6 5. Bc4 b5 6. Be2 Nd4 7. 0-0 Nf6 8. d3 Qb6 9. Be3 Ng4 10. Bxd4 cxd4 11. Nb1 Ne3 12. Qe1 Nxc2 13. Qf2 Nxa1 14. Nxd4 Bc5 15. Nxb5 Bxf2+ 16. Rxf2 axb5 17. Nd2 Rxa2 18. Bd1 Rxb2 19. Kf1 Qxf2+ 20. Kxf2 Rxd2+ 21. Ke1 Rxd1+ 22. Kxd1 Bb7 23. f5 Ke7 24. f6+ gxf6 25. h4 Rc8 26. g4 Rc2 27. h5 b4 28. h6 b3 29. g5 b2 30. e5 b1Q# 0-1

[Event "BCF-chT4 0506 (4NCL)"]
[White "Banks, Peter S"]
[Black "Sant Maria, L."]
[Site "West Bromwich"]
[Round "5.4"]
[Result "1-0"]
[Date "2006.02.11"]
[WhiteElo "1775"]
[BlackElo "1435"]
[PlyCount "35"]
[EventDate "2005.11.05"]
[EventType "team-tourn"]
[EventRounds "11"]
[EventCountry "ENG"]
[SourceTitle "CBM 109 Extra"]
[Source "ChessBase"]
[SourceDate "2006.01.03"]
[SourceVersion "2"]
[SourceVersionDate "2006.01.03"]
[SourceQuality "1"]
[WhiteTeam "Halesowen"]
[BlackTeam "Athenaeum II"]
[WhiteTeamCountry "ENG"]
[BlackTeamCountry "ENG"]

1. e4 d5 2. exd5 Qxd5 3. Nc3 Qa5 4. d4 Nf6 5. Bd2 Qb6 6. Nf3 Nbd7 7. Bc4 e6 8. 0-0 Bd6 9. d5 c6 10. dxe6 fxe6 11. Bxe6 Nc5 12. Bb3 Nxb3 13. Re1+ Kd7 14. axb3 Bc5 15. Bf4+ Nd5 16. Ne5+ Kd8 17. Nf7+ Kd7 18. Qg4# 1-0